| 000 | 00372cam a2200145ua 4500 | ||
|---|---|---|---|
| 041 |
_aeng _h |
||
| 082 |
_a828.09 _bELI/PO |
||
| 100 | _aEliot, T S . | ||
| 245 |
_aPoetry and belief on the work of / _cT S Eliot. _hTextual Documents |
||
| 260 |
_aLondon : _bRoutledge & Kegan Paul Ltd , _c1961. |
||
| 300 | _a258 ; . | ||
| 504 | _a | ||
| 942 | _cBK | ||
| 999 |
_c12868 _d12868 |
||